Enter the number of zeros that are requested - Statistics

General Stats
  • This quiz has been taken 18 times
  • The average score is 13 of 15
Answer Stats
Hint Answer % Correct
16 0000000000000000 1
94%
10 0000000000 2
94%
1 0 7
94%
18 000000000000000000 9
88%
7 + 9 0000000000000000 3
88%
12 000000000000 8
88%
9 000000000 10
88%
17 - 9 00000000 11
88%
8 00000000 5
88%
3 + 3 000000 4
88%
4 0000 6
88%
2 00 12
88%
20 00000000000000000000 13
81%
25 0000000000000000000000000 15
75%
11 + 11 0000000000000000000000 14
75%
No matching quizzes found
Score Distribution
Percent of People with Each Score
Percentile by Number Answered
Your Score History
You have not taken this quiz